[Event "Challenge"]
[Site "http://www.queenalice.com/game.php?id=1155619"]
[Date "2013.2.25"]
[Round "-"]
[White "TomWayne"]
[Black "Excsiu"]
[Result "1-0"]
[WhiteElo "1726"]
[BlackElo "1545"]

1. e4 e5 2. Nf3 d6 3. d4 exd4 4. Nxd4 Nf6 5. Nc3 c5 6. Nb3 a5 7. a4 Nc6 8. Bb5
Qe7 9. Qd3 Nd7 10. Bf4 Nb4 11. Qd2 d5 12. Nxc5 Qxc5 13. exd5 Qb6 14. O-O-O Bc5
15. Rhe1+ Be7 16. d6 O-O 17. Rxe7 Qc5 18. Rde1 Nc6 19. R7e3 g5 20. Bxg5 Nd4 21.
Be7 Nf5 22. Bxf8 Nxf8 23. Rh3 Nxd6 24. Rg3+ Ng6 25. Rd3 Nc4 26. Bxc4 Qxc4 27.
Qh6 Be6 28. Red1 Qc7 29. Ne4 Rc8 30. Nf6+ Kh8 31. Qxh7# 1-0

[Event "AUTO-INT-2570"]
[Site "http://www.queenalice.com/game.php?id=1155974"]
[Date "2013.2.27"]
[Round "1"]
[White "TomWayne"]
[Black "Peppone"]
[Result "0-1"]
[WhiteElo "1780"]
[BlackElo "1584"]

1. e4 c5 2. Nf3 d6 3. c3 Nc6 4. d4 cxd4 5. cxd4 Nf6 6. Bd3 Bg4 7. h3 Bh5 8. Be3
e6 9. g4 Bg6 10. Nc3 Be7 11. d5 exd5 12. exd5 Bxd3 13. Qxd3 Ne5 14. Nxe5 O-O 15.
Nf3 b6 16. g5 Nd7 17. h4 Re8 18. O-O-O Rc8 19. g6 fxg6 20. h5 Bf6 21. hxg6 h6
22. Bxh6 gxh6 23. Rxh6 Ne5 24. Nxe5 Bg5+ 25. Kb1 Bxh6 26. Qh3 Rxe5 27. Qxh6 Qe7
28. a3 Qg7 29. Qh7+ Qxh7 30. gxh7+ Kxh7 31. f4 Rf5 32. Nb5 Rc5 33. a4 Rcxd5 34.
Rf1 a5 35. Nc7 Rd4 36. b3 Rdxf4 37. Rh1+ Kg6 38. Ka2 Rg4 39. Ka3 Rf2 40. Nd5
Rgg2 41. Nc3 Rc2 42. Rd1 Rgd2 43. Rxd2 Rxd2 44. Ne4 Rd1 45. Nc3 Rd3 46. Nb5 d5
0-1

[Event "AUTO-INT-2570"]
[Site "http://www.queenalice.com/game.php?id=1155975"]
[Date "2013.2.27"]
[Round "1"]
[White "Peppone"]
[Black "TomWayne"]
[Result "0-1"]
[WhiteElo "1415"]
[BlackElo "1674"]

1. e4 e5 2. f4 d6 3. Nf3 Nc6 4. Bc4 f6 5. O-O f5 6. fxe5 Nxe5 7. Bb3 Nf6 8. Nxe5
dxe5 9. exf5 g6 10. fxg6 hxg6 11. Qf3 Be7 12. d3 Bg4 13. Qf2 e4 14. dxe4 Qd6 15.
Bg5 Qxh2# 0-1

[Event "AUTO-INT-2570"]
[Site "http://www.queenalice.com/game.php?id=1155976"]
[Date "2013.2.27"]
[Round "1"]
[White "TomWayne"]
[Black "ReidoBaralho"]
[Result "1-0"]
[WhiteElo "1616"]
[BlackElo "1563"]

1. e4 e5 2. Nf3 Bd6 3. d4 h6 4. Nc3 Nc6 5. d5 Nb4 6. a3 Na6 7. Be3 Nf6 8. Qd2
O-O 9. g3 Ng4 10. Bxh6 Nxh6 11. Bh3 Nc5 12. g4 c6 13. g5 b6 14. gxh6 Qf6 15.
hxg7 Kxg7 16. Rg1+ Kh8 17. O-O-O Rg8 18. Ng5 Rg7 19. Bf5 Kg8 20. Nh7 Qh4 21. f3
cxd5 22. Nxd5 f6 23. Rxg7+ Kxg7 24. Rg1+ Kf7 25. Qg2 Qh6+ 26. Kb1 Bb7 27. Ndxf6
Be7 28. Ng8 Rxg8 29. Qxg8# 1-0

[Event "AUTO-INT-2570"]
[Site "http://www.queenalice.com/game.php?id=1155977"]
[Date "2013.2.27"]
[Round "1"]
[White "ReidoBaralho"]
[Black "TomWayne"]
[Result "0-1"]
[WhiteElo "1563"]
[BlackElo "1500"]

1. e4 c5 2. Bc4 Nc6 3. Qg4 e6 4. d3 d5 5. Bb5 Nf6 6. Qf3 a6 7. exd5 exd5 8. Bg5
Be7 9. Bxc6+ bxc6 10. h3 O-O 11. Qg3 Bd6 12. f4 Re8+ 13. Ne2 Qe7 14. Bh6 Qxe2#
0-1

[Event "AUTO-INT-2570"]
[Site "http://www.queenalice.com/game.php?id=1155978"]
[Date "2013.2.27"]
[Round "1"]
[White "TomWayne"]
[Black "sioux"]
[Result "1-0"]
[WhiteElo "1766"]
[BlackElo "1505"]

1. e4 e5 2. c3 Bc5 3. Nf3 d6 4. d4 exd4 5. cxd4 Bb4+ 6. Bd2 Nf6 7. Bd3 Bxd2+ 8.
Nbxd2 Bg4 9. O-O O-O 10. Qc2 Nbd7 11. Rae1 b6 12. e5 dxe5 13. dxe5 Ne8 14. h4 g6
15. Ng5 c5 16. e6 fxe6 17. Nxe6 Bxe6 18. Rxe6 Ng7 19. Re2 Qxh4 20. Nf3 Qg4 21.
Nh2 Qd4 22. Re4 Qd6 23. Nf3 Nf6 24. Qb3+ Rf7 25. Re5 Rc8 26. Bc4 Rf8 27. Bxf7+
Rxf7 28. Rd1 Qc7 29. Rde1 Ng4 30. Re8+ Nxe8 31. Rxe8+ Kg7 32. Qc3+ Kh6 33. Qd2+
g5 34. Qxg5# 1-0

[Event "AUTO-INT-2570"]
[Site "http://www.queenalice.com/game.php?id=1155979"]
[Date "2013.2.27"]
[Round "1"]
[White "sioux"]
[Black "TomWayne"]
[Result "0-1"]
[WhiteElo "1486"]
[BlackElo "1694"]

1. e4 e5 2. Bc4 Nf6 3. Nc3 c6 4. Nf3 d6 5. Ng5 d5 6. exd5 cxd5 7. Bb3 h6 8. Nf3
Nc6 9. Ba4 Bd7 10. Bxc6 Bxc6 11. Nxe5 Qe7 12. Qe2 O-O-O 13. O-O d4 14. Nxc6 bxc6
15. Qxe7 Bxe7 16. Ne2 c5 17. d3 g5 18. Re1 Bd6 19. f4 Nd5 20. fxg5 Ne3 21. Bxe3
dxe3 22. gxh6 Rxh6 23. h3 Rg8 24. c4 Rhg6 25. g4 f5 26. Kh1 fxg4 27. hxg4 Rxg4
28. Rg1 Rh8# 0-1

[Event "AUTO-INT-2580"]
[Site "http://www.queenalice.com/game.php?id=1159097"]
[Date "2013.3.8"]
[Round "1"]
[White "jgfmelo"]
[Black "TomWayne"]
[Result "1-0"]
[WhiteElo "1771"]
[BlackElo "1800"]

1. e4 e5 2. Nf3 Nc6 3. d4 exd4 4. Nxd4 Nf6 5. Bg5 d6 6. Nxc6 bxc6 7. Nd2 d5 8.
e5 h6 9. Bxf6 gxf6 10. Qe2 Be6 11. Qa6 Bd7 12. Nf3 f5 13. Bd3 Bc5 14. O-O Rb8
15. b3 Qc8 16. Rfe1 Qxa6 17. Bxa6 Rb4 18. Bd3 Rg4 19. h3 Rg6 20. Nh4 Rgg8 21.
Bxf5 Bb4 22. Re2 Kd8 23. e6 fxe6 24. Bxe6 Re8 25. Ng6 Rh7 26. Nf4 Rhe7 27. Bxd7
Kxd7 28. Rxe7+ Rxe7 29. Ng6 Re2 30. c4 d4 31. a4 d3 32. Nf4 Bc3 33. Rd1 Rb2 34.
Rxd3+ Kc8 35. Rxc3 Rb1+ 36. Kh2 c5 37. Nd5 c6 38. Ne7+ Kc7 39. Rd3 a5 40. f4 1-0

[Event "AUTO-INT-2580"]
[Site "http://www.queenalice.com/game.php?id=1159098"]
[Date "2013.3.8"]
[Round "1"]
[White "TomWayne"]
[Black "jgfmelo"]
[Result "1-0"]
[WhiteElo "1768"]
[BlackElo "1808"]

1. e4 e5 2. Nf3 d6 3. d4 exd4 4. Nxd4 Nf6 5. Nc3 c5 6. Nb3 Be7 7. Bd3 Nc6 8. Be3
Be6 9. f3 a6 10. Nd2 b5 11. Ne2 Qa5 12. Nc3 c4 13. Be2 O-O 14. h3 b4 15. Ncb1 b3
16. Nc3 Qe5 17. f4 Qa5 18. f5 Bd7 19. Nxc4 bxc2 20. Qxc2 Qb4 21. a3 Qb7 22. g4
Ne5 23. Na5 Qc7 24. b4 Nxe4 25. Rc1 Rfc8 26. Qxe4 Bh4+ 27. Bf2 Bf6 28. Nc4 Nxc4
29. Nd5 Qb7 30. Rxc4 Bc6 31. Bf3 Bxd5 32. Qxd5 Qxd5 33. Bxd5 Bc3+ 34. Ke2 Re8+
35. Kd3 Rad8 36. Kxc3 Re2 37. Bd4 Rb8 38. g5 a5 39. g6 hxg6 40. fxg6 Rb5 41.
Rc8+ 1-0

[Event "AUTO-INT-2580"]
[Site "http://www.queenalice.com/game.php?id=1159115"]
[Date "2013.3.8"]
[Round "1"]
[White "TomWayne"]
[Black "Amazona"]
[Result "0-1"]
[WhiteElo "1771"]
[BlackElo "1766"]

1. e4 e5 2. Nf3 d6 3. d4 f6 4. Be3 Bg4 5. d5 c6 6. Nc3 Ne7 7. h3 Bh5 8. g4 Bg6
9. Bd3 Qa5 10. a3 cxd5 11. b4 Qc7 12. Nxd5 Nxd5 13. exd5 Bf7 14. Bb5+ Nd7 15. c4
a6 16. Bxd7+ Qxd7 17. Rc1 b6 18. Bxb6 Be7 19. c5 dxc5 20. Bxc5 Bxc5 21. Rxc5 O-O
22. a4 Qd6 23. O-O Rfd8 24. Nh4 g6 25. Qc1 Qd7 26. f4 exf4 27. Rxf4 g5 28. Rxf6
gxh4 29. Qg5+ Kh8 30. d6 Rac8 31. Qh6 Rg8 32. Rff5 Bg6 33. Rfd5 Rgf8 34. Qd2 Qf7
35. d7 Rcd8 36. Qd4+ Kg8 37. Rc1 Qe6 38. b5 Rf3 39. b6 Rg3+ 40. Kf2 Rxh3 41. b7
Rf8+ 42. Kg1 Rg3+ 43. Kh1 Be4+ 44. Kh2 Rg2+ 45. Kh1 Rd2+ 0-1

[Event "AUTO-INT-2580"]
[Site "http://www.queenalice.com/game.php?id=1159116"]
[Date "2013.3.8"]
[Round "1"]
[White "Amazona"]
[Black "TomWayne"]
[Result "0-1"]
[WhiteElo "1752"]
[BlackElo "1718"]

1. e4 e5 2. Nf3 Nc6 3. d4 exd4 4. Nxd4 Nf6 5. Nxc6 bxc6 6. Bg5 Be7 7. e5 Ne4 8.
Bxe7 Qxe7 9. Qe2 d5 10. f3 Qh4+ 11. Kd1 Nf2+ 12. Ke1 Nxh1+ 13. g3 Nxg3 14. hxg3
Qxg3+ 15. Kd1 O-O 16. Nc3 Qf4 17. Bg2 Re8 18. Qd2 Qxe5 19. Bf1 Bf5 20. Ne2 Qxb2
21. Qc1 Rab8 22. Qxb2 Rxb2 23. Nd4 Bd7 24. Kc1 Rb4 25. c3 Re1+ 26. Kd2 Rxa1 27.
cxb4 Rxf1 28. a3 h5 29. Ke2 Rg1 30. Kf2 Rg6 31. a4 h4 32. f4 h3 33. Nf3 d4 34.
Ng5 d3 35. Ke3 h2 0-1

[Event "AUTO-INT-2580"]
[Site "http://www.queenalice.com/game.php?id=1159117"]
[Date "2013.3.8"]
[Round "1"]
[White "TomWayne"]
[Black "zemaria"]
[Result "0-1"]
[WhiteElo "1666"]
[BlackElo "1626"]

1. e4 e5 2. Nf3 d6 3. d4 f6 4. Be2 Ne7 5. dxe5 fxe5 6. Nc3 h6 7. b3 c6 8. Bb2
Ng6 9. g3 Bh3 10. Qd2 Be7 11. Rd1 Qc7 12. Ba3 Nd7 13. Bxd6 Bxd6 14. Qxd6 Qxd6
15. Rxd6 O-O-O 16. Rxg6 Rhg8 17. g4 Nf8 18. Nxe5 Nxg6 19. Nxg6 Kb8 20. Bc4 Rge8
21. Bf7 Bg2 22. Rg1 Bxe4 23. Bxe8 Rxe8 24. Nf4 Bf3+ 25. Kd2 Rd8+ 26. Kc1 Rd4 27.
Nfe2 Rd6 28. Rg3 Bd5 29. h4 g6 30. f4 a6 31. Rd3 Kc7 32. g5 h5 33. f5 gxf5 34.
Nf4 Be4 35. Rd1 Bf3 36. Rf1 Bg4 37. g6 Rd8 38. Re1 Rd7 39. Re3 Kb6 40. Rd3 Rg7
41. a3 Ka7 42. Na4 Kb8 43. Nc5 Ka7 44. c4 Kb6 45. Nd7+ Kc7 46. Nf6 Kb6 47. Rd8
Kc7 48. Rd4 Re7 0-1

[Event "AUTO-INT-2580"]
[Site "http://www.queenalice.com/game.php?id=1159118"]
[Date "2013.3.8"]
[Round "1"]
[White "zemaria"]
[Black "TomWayne"]
[Result "0-1"]
[WhiteElo "1660"]
[BlackElo "1746"]

1. e4 e5 2. d4 exd4 3. Qxd4 Nc6 4. Qd1 Nf6 5. Bd3 d5 6. exd5 Qxd5 7. f3 Nb4 8.
Bd2 Nxd3+ 9. cxd3 g6 10. Bc3 Bg7 11. Ne2 Bf5 12. Nf4 Qd6 13. g3 O-O-O 14. d4
Rhe8+ 15. Kf2 g5 16. Nd3 g4 17. Ne5 Re7 18. Qd2 Ne4+ 19. fxe4 Bxe4 20. Re1 f5
21. Qf4 c5 22. Qd2 cxd4 23. Bb4 Qxe5 24. Bxe7 Qxe7 25. Na3 Kb8 26. Qa5 d3 27.
Red1 Bf3 28. Rd2 Bd4+ 29. Kf1 Be3 30. Re1 Be2+ 31. Rexe2 dxe2+ 32. Rxe2 Rd1+ 33.
Re1 Rc1 34. Nb5 f4 35. gxf4 Qh4 36. Rxc1 Qf2# 0-1

[Event "AUTO-ADV-2822"]
[Site "http://www.queenalice.com/game.php?id=1172358"]
[Date "2013.4.16"]
[Round "1"]
[White "TomWayne"]
[Black "favazza2007"]
[Result "0-1"]
[WhiteElo "1764"]
[BlackElo "1794"]

1. e4 d5 2. exd5 Nf6 3. d4 Nxd5 4. c4 Nb6 5. Nf3 Bg4 6. c5 Nc8 7. h3 Bh5 8. Be2
e6 9. Be3 Be7 10. Nh4 Bxe2 11. Qxe2 Bxh4 12. O-O Bg5 13. f4 Bf6 14. Nd2 Bxd4 15.
Rad1 Bxe3+ 16. Qxe3 O-O 17. g3 Nc6 18. f5 exf5 19. Rxf5 Qd4 0-1

[Event "AUTO-ADV-2822"]
[Site "http://www.queenalice.com/game.php?id=1172359"]
[Date "2013.4.16"]
[Round "1"]
[White "favazza2007"]
[Black "TomWayne"]
[Result "1-0"]
[WhiteElo "1809"]
[BlackElo "1744"]

1. Nf3 c5 2. c4 e6 3. Nc3 a6 4. d4 Nf6 5. Bg5 h6 6. Bxf6 Qxf6 7. e3 d6 8. Be2 b6
9. O-O Bb7 10. d5 b5 11. e4 Nd7 12. cxb5 Be7 13. bxa6 Bxa6 14. Bxa6 Rxa6 15. Qd3
Rb6 16. Rab1 g5 17. Nd2 h5 18. Nc4 Ne5 19. Nxe5 Qxe5 20. a3 f5 21. dxe6 1-0

[Event "AUTO-ADV-2822"]
[Site "http://www.queenalice.com/game.php?id=1172360"]
[Date "2013.4.16"]
[Round "1"]
[White "TomWayne"]
[Black "legorille"]
[Result "0-1"]
[WhiteElo "1726"]
[BlackElo "1657"]

1. e4 e5 2. Nf3 d6 3. d4 exd4 4. c3 dxc3 5. Nxc3 Nf6 6. Bc4 Be7 7. O-O O-O 8.
Bf4 Nc6 9. Qe2 Bg4 10. h3 Be6 11. Rad1 Bxc4 12. Qxc4 Qc8 13. Rfe1 a6 14. e5 dxe5
15. Nxe5 Nxe5 16. Bxe5 c6 17. Ne4 Nxe4 18. Rxe4 b5 19. Qd3 Rd8 20. Qg3 Rxd1+ 21.
Kh2 f6 22. Bf4 Bf8 23. Qb3+ Rd5 24. Be3 Qf5 25. Rf4 Qe5 26. g4 Bd6 27. h4 Qe4
28. Kg3 Bxf4+ 29. Bxf4 Qd3+ 30. Qxd3 Rxd3+ 31. f3 Rad8 32. g5 a5 33. h5 fxg5 34.
Bxg5 a4 35. Kg4 c5 36. f4 c4 37. f5 R8d4+ 38. Bf4 b4 39. Kg5 Re4 40. Bc7 Rd2 0-1

[Event "AUTO-ADV-2822"]
[Site "http://www.queenalice.com/game.php?id=1172361"]
[Date "2013.4.16"]
[Round "1"]
[White "legorille"]
[Black "TomWayne"]
[Result "0-1"]
[WhiteElo "1659"]
[BlackElo "1744"]

1. e4 e5 2. Nf3 Nc6 3. Bc4 Nf6 4. Ng5 d5 5. exd5 Nxd5 6. Qf3 Be6 7. Nxe6 fxe6 8.
O-O Bd6 9. Bxd5 exd5 10. Qxd5 Qh4 11. Nc3 e4 12. g3 Qg4 13. Nxe4 O-O-O 14. Nxd6+
Rxd6 15. Qg2 Nd4 16. c3 Nc2 17. Rb1 Rd3 18. b4 Re8 19. Rb2 Ne1 20. Qh1 Qh3 0-1

[Event "AUTO-ADV-2822"]
[Site "http://www.queenalice.com/game.php?id=1172362"]
[Date "2013.4.16"]
[Round "1"]
[White "TomWayne"]
[Black "DinoSouza"]
[Result "0-1"]
[WhiteElo "1703"]
[BlackElo "1797"]

1. e4 c5 2. c3 Nc6 3. d4 e6 4. Be3 Nf6 5. Nd2 d5 6. Qc2 cxd4 7. Bxd4 Bd7 8. f4
Rc8 9. Be5 Nxe5 10. fxe5 Ng4 11. Ngf3 Bc5 12. Bd3 Bc6 13. Nb3 dxe4 14. Nfd4 exd3
15. Qxd3 Bxg2 16. Rg1 Qh4+ 17. Qg3 Qxg3+ 18. hxg3 Bd5 19. O-O-O Bxb3 20. axb3
Nxe5 21. Nb5 Bxg1 22. Nd6+ Ke7 23. Nxb7 Bb6 24. b4 Nc4 25. b3 Ne3 26. Rd2 Rxc3+
0-1

[Event "AUTO-ADV-2822"]
[Site "http://www.queenalice.com/game.php?id=1172363"]
[Date "2013.4.16"]
[Round "1"]
[White "DinoSouza"]
[Black "TomWayne"]
[Result "1-0"]
[WhiteElo "1809"]
[BlackElo "1688"]

1. e4 e5 2. Nf3 Nf6 3. Nxe5 d6 4. Nf3 Nxe4 5. d4 d5 6. Bd3 f5 7. O-O Nd7 8. Re1
Nf6 9. Nh4 Qd6 10. f3 f4 11. fxe4 Bg4 12. Nf3 Nxe4 13. Bxe4 O-O-O 14. Bd3 Be7
15. Nc3 Bh4 16. Rf1 Rde8 17. Be2 Re6 18. Nxh4 Bxe2 19. Nxe2 g5 20. Nf3 h6 21.
Bd2 Rhe8 22. Nc3 c5 23. dxc5 Qxc5+ 24. Kh1 d4 25. Na4 1-0

[Event "AUTO-INT-2570"]
[Site "http://www.queenalice.com/game.php?id=1187508"]
[Date "2013.6.4"]
[Round "2"]
[White "bouley"]
[Black "TomWayne"]
[Result "1-0"]
[WhiteElo "2139"]
[BlackElo "1688"]

1. d4 Nf6 2. Nf3 a6 3. c4 e6 4. Bg5 h6 5. Bh4 d5 6. e3 b6 7. Bd3 Bd6 8. O-O c6
9. Nbd2 g5 10. Bg3 Bxg3 11. fxg3 Ng4 12. Qe2 c5 13. cxd5 Qxd5 14. Be4 1-0

[Event "AUTO-INT-2570"]
[Site "http://www.queenalice.com/game.php?id=1187509"]
[Date "2013.6.4"]
[Round "2"]
[White "TomWayne"]
[Black "bouley"]
[Result "0-1"]
[WhiteElo "1676"]
[BlackElo "2142"]

1. e4 Nc6 2. Nf3 d6 3. d4 Nf6 4. Bc4 Bg4 5. O-O e6 6. Qd3 Bxf3 7. Qxf3 Nxd4 8.
Qd3 e5 9. Bg5 Be7 10. Nd2 O-O 11. f4 Nd7 0-1